| 000 | 00947nam a2200277 i 4500 | ||
|---|---|---|---|
| 001 | 176623 | ||
| 003 | ES-MaACL | ||
| 005 | 20251215172555.0 | ||
| 007 | t| | ||
| 008 | 110126s2010 sp a ||||1| spa d | ||
| 020 | _a978-84-8017-296-7 | ||
| 080 | _a821.134.2-14"19" | ||
| 100 | 1 |
_aCurrás, Emilia, _d1927-2020 _942228 |
|
| 245 | 1 | 0 |
_aFugitiva del tiempo / _cEmilia Currás ; "De la autora_" de Fina Calderón ; prefacio de Malik Najjar ; traducción de Rifaat Atfé. |
| 250 | _a2ª ed. bilingüe. | ||
| 260 |
_aMadrid : _bBetania, _c2010. |
||
| 300 |
_a80 p. : _bil. bl. y n. ; _c21 cm. |
||
| 490 | 1 | _aColección Betania de poesía | |
| 546 | _aTexto en español y en árabe. | ||
| 700 | 1 |
_aCalderón, Fina de, _d1927-2010 _933598 |
|
| 700 | 1 |
_aNajjar, Malik. _9144890 |
|
| 700 | 1 |
_aAtfé, Rifaat. _9144891 |
|
| 830 | 0 |
_aColección Betania de poesía _9179829 |
|
| 852 |
_aES-MaACL _j2270-F-17 |
||
| 999 |
_c176623 _d176623 |
||